[Event "Campeonato Nacional da 1ª divisão"]
[Site "Torres Vedras"]
[Date "2011.07.23"]
[Round "1.1"]
[White "Silva, Tiago Oscar Gaspar d"]
[Black "Vassalo Barroche, Maurício Flávio"]
[Result "0-1"]
[WhiteElo "1547"]
[BlackElo "2416"]
[PlyCount "74"]
[EventDate "2011.07.23"]

1. e4 g6 2. d4 Bg7 3. c3 d6 4. Be3 Nf6 5. f3 O-O 6. Bd3 e5 7. Ne2 Nbd7 8. Nd2
d5 9. O-O exd4 10. Bxd4 c5 11. Bf2 Ne5 12. Bc2 b6 13. Nf4 Ba6 14. Ne2 Re8 15.
Re1 Nd3 16. Bxd3 Bxd3 17. exd5 Nxd5 18. Nc1 Bf5 19. Nc4 Rxe1+ 20. Qxe1 Be6 21.
Ne3 Nf4 22. g3 Nh3+ 23. Kg2 Qd7 24. Ne2 Qc6 25. Ng1 Nxf2 26. Kxf2 Re8 27. Qd1
h5 28. Ne2 Bh6 29. Ng2 Bc4 30. Ng1 Qe6 31. b3 Bb5 32. c4 Bc6 33. Qd3 Qf6 34.
Re1 Rd8 35. Qb1 Rd2+ 36. Kf1 Bxf3 37. Ne2 Be4+ 0-1

[Event "Campeonato Nacional da 1ª divisão"]
[Site "Torres Vedras"]
[Date "2011.07.23"]
[Round "1.5"]
[White "Camacho Collados, Marcos"]
[Black "Rocha, Sérgio Manuel Colaço"]
[Result "1/2-1/2"]
[WhiteElo "2404"]
[BlackElo "2412"]
[PlyCount "60"]
[EventDate "2011.07.23"]

1. e4 e6 2. d3 c5 3. Nf3 Nc6 4. g3 d6 5. Bg2 Nf6 6. O-O Be7 7. c3 c4 8. dxc4
Nxe4 9. Nd4 Nxd4 10. cxd4 Nf6 11. Nc3 Qc7 12. Qe2 Bd7 13. Bf4 O-O 14. Rac1 Qb6
15. Be3 Qc7 16. Rfd1 Rfe8 17. h3 Rac8 18. b3 a6 19. Bf4 h6 20. c5 Bc6 21. Bxc6
Qxc6 22. cxd6 Bxd6 23. Na4 Qe4 24. Qxe4 Nxe4 25. Bxd6 Nxd6 26. Nb6 Rxc1 27.
Rxc1 Re7 28. Kf1 Kf8 29. d5 exd5 30. Nxd5 Re5 1/2-1/2

[Event "Campeonato Nacional da 1ª divisão"]
[Site "Torres Vedras"]
[Date "2011.07.23"]
[Round "1.5"]
[White "Dâmaso, Rui"]
[Black "Diogo, Vasco André Marçalo"]
[Result "1-0"]
[WhiteElo "2371"]
[BlackElo "2299"]
[PlyCount "79"]
[EventDate "2011.07.23"]

1. Nf3 c5 2. c4 Nc6 3. d4 cxd4 4. Nxd4 g6 5. e4 Bg7 6. Be3 Nf6 7. Nc3 O-O 8.
Be2 d6 9. O-O Bd7 10. Qd2 Nxd4 11. Bxd4 Bc6 12. Bd3 Nd7 13. Bxg7 Kxg7 14. Rfe1
Rc8 15. Re3 Ne5 16. Be2 Bd7 17. Qd4 f6 18. Qxa7 Nxc4 19. Bxc4 Rxc4 20. Qxb7 Rc7
21. Qb6 Qc8 22. Nd5 Rb7 23. Qd4 e5 24. Qd2 Qb8 25. b3 f5 26. exf5 Bxf5 27. Rc1
Be6 28. Rec3 Rbf7 29. Nc7 Bg4 30. Qxd6 Rxf2 31. Ne6+ Bxe6 32. Qxb8 Rxg2+ 33.
Kxg2 Rxb8 34. Rc7+ Kf6 35. Rxh7 Rd8 36. Rc2 e4 37. Rhc7 Bd5 38. Kf2 Ke5 39. Rc8
Rd6 40. Ke3 1-0

[Event "Campeonato Nacional da 1ª divisão"]
[Site "Torres Vedras"]
[Date "2011.07.23"]
[Round "1.5"]
[White "Galvão, Henrique Mário Chave"]
[Black "Ulyanovskyy, Viktor"]
[Result "0-1"]
[WhiteElo "2207"]
[BlackElo "2307"]
[PlyCount "100"]
[EventDate "2011.07.23"]

1. e4 c6 2. d4 d5 3. e5 Bf5 4. Nc3 e6 5. g4 Bg6 6. Nge2 h6 7. Be3 Nd7 8. f4 h5
9. Ng3 hxg4 10. Qd2 Nh6 11. h3 Nf5 12. hxg4 Rxh1 13. gxf5 Rxf1+ 14. Kxf1 Bxf5
15. Nxf5 exf5 16. Re1 Qb6 17. Bf2 O-O-O 18. Nd1 Be7 19. Qd3 g6 20. e6 fxe6 21.
Rxe6 Bf6 22. c3 Rf8 23. b4 Qb5 24. Qxb5 cxb5 25. Re3 g5 26. fxg5 Bxg5 27. Rf3
Kd8 28. Bg3 Ke7 29. Nf2 Ke6 30. Nd3 b6 31. Be5 Rc8 32. Bf4 Kf6 33. Bxg5+ Kxg5
34. Rg3+ Kh4 35. Rg7 Rxc3 36. Ne1 Nf6 37. Ng2+ Kh5 38. Nf4+ Kh6 39. Rg6+ Kh7
40. Ke2 Ne4 41. Re6 Rc4 42. Kd3 Rxb4 43. Nxd5 Ra4 44. Ne7 Ra3+ 45. Ke2 Rxa2+
46. Ke3 b4 47. Nxf5 b3 48. Rh6+ Kg8 49. Rh1 b2 50. Rg1+ Kf8 0-1

[Event "Campeonato Nacional da 1ª divisão"]
[Site "Torres Vedras"]
[Date "2011.07.23"]
[Round "1.5"]
[White "Ulyanovskyy, Volodimir  Viktorovi"]
[Black "Garcia Rodriguez, Victor"]
[Result "0-1"]
[WhiteElo "2090"]
[BlackElo "2222"]
[PlyCount "139"]
[EventDate "2011.07.23"]

1. e4 e5 2. Nf3 Nc6 3. Bb5 a6 4. Ba4 Nf6 5. O-O b5 6. Bb3 Be7 7. Re1 O-O 8. c3
d5 9. d3 Bb7 10. Bg5 dxe4 11. dxe4 Qxd1 12. Rxd1 Nxe4 13. Bxe7 Nxe7 14. Nxe5
Nc5 15. Bc2 Rad8 16. Nd2 Ng6 17. Nxg6 hxg6 18. b4 Ne6 19. Be4 Bxe4 20. Nxe4 f5
21. Ng3 Nf4 22. Kf1 Rfe8 23. Rxd8 Rxd8 24. Ne2 Nd5 25. a4 bxa4 26. Rxa4 Nxb4
27. Nf4 Nd3 28. Nxd3 Rxd3 29. Rc4 Rd7 30. Rc6 a5 31. Ke2 Kf7 32. Rc5 Re7+ 33.
Kd2 a4 34. Rc4 a3 35. Ra4 c6 36. Rxa3 Rb7 37. Kc2 Ke6 38. Ra5 g5 39. Ra8 g4 40.
Rc8 Rb6 41. Re8+ Kf6 42. Rh8 Ra6 43. Kb2 c5 44. h3 Kg5 45. hxg4 Kxg4 46. Rh3 g5
47. Rg3+ Kf4 48. Re3 Rh6 49. Rf3+ Ke5 50. Re3+ Kf6 51. g3 Rh2 52. Re2 g4 53.
Kb3 f4 54. Re4 Rxf2 55. gxf4 g3 56. Re8 g2 57. Rg8 Kf5 58. Kc4 Rxf4+ 59. Kxc5
Rg4 60. Rf8+ Kg5 61. Rg8+ Kf4 62. Rxg4+ Kxg4 63. c4 g1=Q+ 64. Kc6 Qh1+ 65. Kb6
Kf5 66. c5 Ke6 67. Kc7 Qc1 68. c6 Kd5 69. Kd7 Qxc6+ 70. Kd8 0-1

[Event "Campeonato Nacional da 1ª divisão"]
[Site "Torres Vedras"]
[Date "2011.07.24"]
[Round "2.1"]
[White "Spraggett, Kevin Barry"]
[Black "Andres Gonzalez, Ivan"]
[Result "1-0"]
[WhiteElo "2573"]
[BlackElo "2331"]
[PlyCount "59"]
[EventDate "2011.07.23"]

1. d4 Nf6 2. c4 c6 3. Nc3 d5 4. Nf3 g6 5. cxd5 cxd5 6. Bf4 Nc6 7. h3 Bg7 8. e3
O-O 9. Bd3 a6 10. Rc1 Ra7 11. a3 Bd7 12. O-O b5 13. Bh2 Na5 14. b3 Qa8 15. Qc2
Rc8 16. Qb2 Qb7 17. Ne5 Be6 18. Be2 b4 19. Na2 bxa3 20. Rxc8+ Bxc8 21. Qc3 Qxb3
22. Qxc8+ Bf8 23. Bf4 Rb7 24. Nc1 Qb1 25. Bxa6 Rb8 26. Qc7 Rb6 27. Bd3 Qb2 28.
Na2 Ne8 29. Qd8 Nf6 30. Nd7 1-0

[Event "Campeonato Nacional da 1ª divisão"]
[Site "Torres Vedras"]
[Date "2011.07.24"]
[Round "2.1"]
[White "Maisuradze, Nino"]
[Black "Heberla, Bartlomiej Zdzilaw"]
[Result "0-1"]
[WhiteElo "2329"]
[BlackElo "2539"]
[PlyCount "68"]
[EventDate "2011.07.23"]

1. d4 c5 2. d5 g6 3. e4 d6 4. Nc3 Bg7 5. Bd3 Nf6 6. Bg5 O-O 7. h3 h6 8. Be3 e6
9. Qd2 exd5 10. exd5 Kh7 11. g4 Na6 12. g5 hxg5 13. h4 Kg8 14. Bxg5 Nb4 15. Be2
Bf5 16. Rc1 Qe8 17. Kf1 Ne4 18. Nxe4 Qxe4 19. f3 Qxd5 20. Qxd5 Nxd5 21. Rd1 Be6
22. h5 Bxb2 23. hxg6 fxg6 24. c4 Nb6 25. Rxd6 Rae8 26. Rh6 Bf5 27. f4 Bg7 28.
Rh2 Re4 29. Bf3 Rxc4 30. Ne2 Re8 31. Bxb7 Rc2 32. Bd8 Bg4 33. Bxb6 axb6 34. Ng3
Rxh2 0-1

[Event "Campeonato Nacional da 1ª divisão"]
[Site "Torres Vedras"]
[Date "2011.07.24"]
[Round "2.1"]
[White "Butkiewicz, Lukasz"]
[Black "Guyard, Rodolphe"]
[Result "1-0"]
[WhiteElo "2435"]
[BlackElo "2141"]
[PlyCount "67"]
[EventDate "2011.07.23"]

1. e4 c5 2. Nf3 Nc6 3. d4 cxd4 4. Nxd4 e5 5. Nb5 d6 6. c4 Be7 7. N1c3 a6 8. Na3
f5 9. exf5 Bxf5 10. Bd3 Be6 11. O-O Nf6 12. Nc2 O-O 13. Ne3 Nd4 14. b3 Qe8 15.
Bb2 Rd8 16. Ncd5 Nxd5 17. cxd5 Bd7 18. Be4 Rf4 19. f3 Rh4 20. g3 Rh6 21. Ng4
Rh3 22. Bxd4 exd4 23. Qxd4 Bxg4 24. fxg4 Bf6 25. Rxf6 gxf6 26. Qxf6 Qf8 27.
Qg5+ Kh8 28. Rf1 Qe8 29. Qf6+ Kg8 30. Qf5 h6 31. Qe6+ Qxe6 32. dxe6 h5 33. gxh5
Rf8 34. e7 1-0

[Event "Campeonato Nacional da 1ª divisão"]
[Site "Torres Vedras"]
[Date "2011.07.24"]
[Round "2.2"]
[White "Strikovic, Aleksa"]
[Black "Camacho Collados, Marcos"]
[Result "0-1"]
[WhiteElo "2573"]
[BlackElo "2404"]
[PlyCount "142"]
[EventDate "2011.07.23"]

1. c4 Nf6 2. Nc3 g6 3. e4 d6 4. d4 Bg7 5. f3 O-O 6. Bg5 Nbd7 7. Qd2 c5 8. d5 h5
9. Nh3 a6 10. Nf2 Rb8 11. a4 Qa5 12. Be2 Re8 13. O-O Ne5 14. Qc2 e6 15. h3 exd5
16. cxd5 Nh7 17. Bd2 Qd8 18. f4 Nd7 19. Rad1 Bd4 20. Bd3 Ndf8 21. Ne2 Bg7 22.
b4 b6 23. Rb1 Nd7 24. b5 a5 25. Nd1 Ndf6 26. Nb2 h4 27. Nc4 Rb7 28. Nc3 Nh5 29.
e5 dxe5 30. fxe5 Bxe5 31. Nxe5 Rxe5 32. Rbe1 Rxe1 33. Rxe1 Re7 34. Qd1 Qd6 35.
Bc4 Qf6 36. Rxe7 Qxe7 37. Qe1 Qxe1+ 38. Bxe1 g5 39. Bd2 N5f6 40. d6 Kf8 41. Nd5
Nxd5 42. Bxd5 Ke8 43. Bc6+ Kd8 44. Kf2 Be6 45. Ke2 Kc8 46. Kd3 g4 47. hxg4 Bxg4
48. Ke4 h3 49. gxh3 Bxh3 50. Ke5 f6+ 51. Kd5 Nf8 52. Bh6 Be6+ 53. Ke4 Nd7 54.
Bd2 Bb3 55. Kf5 Bxa4 56. Ke6 Kd8 57. Bc3 Bb3+ 58. Kf5 Bc4 59. Ba1 a4 60. Bb2
Bf1 61. Ke6 Bc4+ 62. Kf5 Bf7 63. Bc1 Bc4 64. Bb2 Ne5 65. Ke4 Be6 66. Ba1 a3 67.
Ke3 Bd7 68. Kd2 Bxc6 69. bxc6 Nxc6 70. Bxf6+ Kd7 71. Kc3 b5 0-1

[Event "Campeonato Nacional da 1ª divisão"]
[Site "Torres Vedras"]
[Date "2011.07.24"]
[Round "2.3"]
[White "Picard, Romain"]
[Black "Tivyakov, Sergey "]
[Result "*"]
[WhiteElo "2351"]
[BlackElo "2623"]
[PlyCount "123"]
[EventDate "2011.07.23"]

1. e4 c5 2. Nf3 Nc6 3. Nc3 d6 4. d4 cxd4 5. Nxd4 Nf6 6. Be2 g6 7. Be3 Bg7 8.
Qd2 Bd7 9. O-O O-O 10. Rfd1 Ng4 11. Bxg4 Bxg4 12. f3 Bd7 13. a4 Re8 14. Nce2
Na5 15. b3 b6 16. Rab1 Nb7 17. c4 Nc5 18. Nc3 Qb8 19. Nde2 Qb7 20. Bd4 f6 21.
Re1 Rac8 22. Nd5 Be6 23. Red1 Bf7 24. Nec3 Nd7 25. Ne2 e6 26. Ndc3 a6 27. Be3
Bf8 28. Kh1 Ne5 29. Qe1 Red8 30. Qf2 Rb8 31. Qh4 Bg7 32. Rd2 Be8 33. Rbd1 Nf7
34. Qf2 Rdc8 35. Ra2 Rc7 36. Nd4 Re7 37. Nde2 Qc7 38. Rc1 Ne5 39. Rd2 Nf7 40.
Ra2 Qb7 41. Qg1 Bc6 42. Nd4 Bd7 43. Nde2 Rbe8 44. Qf2 Qc7 45. Qg1 Qc8 46. Rd1
Bc6 47. Rc2 Ba8 48. Qf2 Qc7 49. Rcc1 Ne5 50. Qg3 -- 51. Qf2 Kh8 52. Qg3 f5 53.
Bg5 Rf7 54. Qh4 fxe4 55. Nxe4 Rxf3 56. Nf6 Rxf6 57. Bxf6 Bxg2+ 58. Kxg2 Qb7+
59. Kh3 Qf3+ 60. Ng3 Bxf6 61. Qe4 Qxe4 62. Nxe4 *

[Event "Campeonato Nacional da 1ª divisão"]
[Site "Torres Vedras"]
[Date "2011.07.24"]
[Round "2.3"]
[White "Korneev, Oleg"]
[Black "Padeiro, José João Tato"]
[Result "1-0"]
[WhiteElo "2588"]
[BlackElo "2304"]
[PlyCount "119"]
[EventDate "2011.07.23"]

1. e4 c5 2. Nf3 d6 3. d4 cxd4 4. Nxd4 Nf6 5. Nc3 g6 6. Be3 Bg7 7. f3 O-O 8. Qd2
Nc6 9. g4 Bxg4 10. fxg4 Nxg4 11. Nxc6 bxc6 12. Be2 Nxe3 13. Qxe3 Qa5 14. O-O-O
Rab8 15. Bc4 e6 16. Bb3 d5 17. Kb1 d4 18. Rxd4 Bxd4 19. Qxd4 c5 20. Qd6 Qb4 21.
Na4 Qd4 22. Qxd4 cxd4 23. Nc5 Rb5 24. Nd3 Rg5 25. Bc4 Kg7 26. b4 Rc8 27. Bb3
Rg4 28. e5 Re4 29. a4 h5 30. Kc1 g5 31. Kd2 g4 32. b5 Kg6 33. a5 h4 34. Rb1 g3
35. hxg3 hxg3 36. Rg1 Rg4 37. Ke2 Kf5 38. Kf3 Rcg8 39. Kg2 Rh4 40. Rb1 Ke4 41.
Re1+ Kf5 42. Rf1+ Ke4 43. Rxf7 Rh2+ 44. Kg1 Ke3 45. Bxe6 Rb8 46. Rg7 Rxc2 47.
Rxg3+ Ke4 48. Bd7 Rc3 49. Bc6+ Kf5 50. Bd7+ Ke4 51. e6 Rc7 52. e7 Rxd7 53. Nc5+
Kf5 54. Nxd7 Re8 55. Rd3 Rxe7 56. Rxd4 Re1+ 57. Kf2 Rb1 58. b6 axb6 59. Nxb6
Ke5 60. Ra4 1-0

[Event "Campeonato Nacional da 1ª divisão"]
[Site "Torres Vedras"]
[Date "2011.07.24"]
[Round "2.3"]
[White "Carneiro, Carlos Alberto Carva"]
[Black "Ftacnik, Lubomir"]
[Result "0-1"]
[WhiteElo "2278"]
[BlackElo "2556"]
[PlyCount "116"]
[EventDate "2011.07.23"]

1. d4 Nf6 2. c4 e6 3. Nf3 d5 4. Nc3 c6 5. cxd5 exd5 6. Qc2 Be7 7. Bf4 Na6 8. a3
Nc7 9. e3 Ne6 10. Bg3 O-O 11. Bd3 g6 12. O-O Nh5 13. b4 Nxg3 14. hxg3 a5 15.
Rab1 Bf6 16. Rfc1 Re8 17. Ne2 axb4 18. axb4 Bd7 19. b5 c5 20. dxc5 Rc8 21. Nf4
Rxc5 22. Nxe6 Rxc2 23. Nxd8 Rxc1+ 24. Rxc1 Bxd8 25. Rc5 Be6 26. b6 Re7 27. Rb5
Rd7 28. Rc5 Re7 29. Rb5 Rd7 30. e4 Rd6 31. Ra5 Bxb6 32. Ra8+ Kg7 33. Rb8 dxe4
34. Bxe4 Rd1+ 35. Kh2 Bxf2 36. Rxb7 h6 37. Rb2 Bc5 38. Rc2 Be3 39. Re2 Bb6 40.
Rb2 Ba5 41. Rb5 Bc3 42. Rc5 Bf6 43. Rb5 Be7 44. Rb7 Kf6 45. Ra7 g5 46. Ra6 Kg7
47. Ra7 Bf6 48. Ra6 Bd8 49. Rc6 h5 50. Rc5 Be7 51. Rb5 Kh6 52. Bf5 g4 53. Nh4
Rd5 54. Rxd5 Bxd5 55. Bd3 Kg5 56. Bb1 Be6 57. Bc2 Bc5 58. Bb1 Bf2 0-1

[Event "Campeonato Nacional da 1ª divisão"]
[Site "Torres Vedras"]
[Date "2011.07.24"]
[Round "2.3"]
[White "Pereira, Ruben "]
[Black "Santos, José Alves"]
[Result "0-1"]
[WhiteElo "2436"]
[BlackElo "2225"]
[PlyCount "104"]
[EventDate "2011.07.23"]

1. e3 d5 2. b3 e6 3. Bb2 Nf6 4. f4 Be7 5. Nf3 c5 6. Bb5+ Bd7 7. Qe2 O-O 8. O-O
a6 9. Bxd7 Nbxd7 10. d3 Rc8 11. Nbd2 b5 12. c4 Nb6 13. Ne5 Nfd7 14. Ng4 f5 15.
Ne5 Nxe5 16. Bxe5 Nd7 17. Bb2 Bf6 18. Nf3 Bxb2 19. Qxb2 Qf6 20. Qa3 Ra8 21. Qa5
Qd8 22. Qd2 Qf6 23. a4 b4 24. Rac1 Rfd8 25. cxd5 exd5 26. d4 Rac8 27. Rc2 cxd4
28. exd4 Qd6 29. Rfc1 Rxc2 30. Rxc2 Nf6 31. Qc1 Ne4 32. Rc6 Qb8 33. Rxa6 Nc3
34. Qe3 Re8 35. Re6 Rc8 36. Ne5 Ne4 37. h3 Rc3 38. Qe2 Rc1+ 39. Kh2 Rh1+ 40.
Kxh1 Ng3+ 41. Kh2 Nxe2 42. a5 Nxd4 43. Re7 g5 44. a6 Nc6 45. Rb7 Qa8 46. Nxc6
Qxa6 47. Rc7 gxf4 48. Ne7+ Kf8 49. Nxf5 f3 50. Rxh7 f2 51. Rh8+ Kf7 52. Rh7+
Kg8 0-1

[Event "Campeonato Nacional da 1ª divisão"]
[Site "Torres Vedras"]
[Date "2011.07.24"]
[Round "2.4"]
[White "Fernandes, António Manuel de Al"]
[Black "Appel, Ralf"]
[Result "0-1"]
[WhiteElo "2417"]
[BlackElo "2522"]
[PlyCount "69"]
[EventDate "2011.07.23"]

1. d4 Nf6 2. c4 e6 3. g3 Bb4+ 4. Bd2 Qe7 5. Bg2 Nc6 6. Nf3 Bxd2+ 7. Qxd2 Ne4 8.
Qc2 Qb4+ 9. Kf1 d5 10. b3 O-O 11. e3 Qa5 12. Ne1 Nb4 13. Qb2 c5 14. dxc5 Qxc5
15. a3 Nc6 16. Qc2 Qb6 17. b4 a5 18. b5 Ne5 19. Bxe4 dxe4 20. Qxe4 Qc7 21. Nd2
b6 22. Nef3 Nd3 23. Qxd3 Bb7 24. Rg1 e5 25. Qc3 Rad8 26. c5 bxc5 27. Ke2 Qd7
28. a4 c4 29. Rac1 Qg4 30. Ke1 Rd3 31. Qxc4 Qd7 32. Rc2 Rd8 33. Qa2 Bd5 34. Qb1
Bb3 35. Qd1 0-1

[Event "Campeonato Nacional da 1ª divisão"]
[Site "Torres Vedras"]
[Date "2011.07.24"]
[Round "2.4"]
[White "Swinkels, Robin "]
[Black "Garcia Romero, Benjamin"]
[Result "1-0"]
[WhiteElo "2483"]
[BlackElo "2255"]
[PlyCount "91"]
[EventDate "2011.07.23"]

1. d4 Nf6 2. c4 e6 3. g3 c5 4. d5 d6 5. Nc3 exd5 6. cxd5 g6 7. Bg2 Bg7 8. Nf3
O-O 9. O-O Na6 10. h3 Nc7 11. a4 a6 12. Nd2 Rb8 13. a5 Bd7 14. Qc2 Bb5 15. Ra2
Qd7 16. b3 Nh5 17. Nc4 f5 18. Na4 Rbe8 19. Bg5 Bf6 20. Bh6 Rf7 21. Nab6 Qd8 22.
Bf3 Bxc4 23. bxc4 Bg5 24. Bxg5 Qxg5 25. h4 Qh6 26. Kg2 Nf6 27. Qc1 Qf8 28. Rb2
Re5 29. Na4 Nce8 30. Qf4 Ne4 31. Rfb1 Qg7 32. Qc1 Ree7 33. Rb3 Qd4 34. e3 Qg7
35. Nb2 g5 36. hxg5 Nxg5 37. Bh5 Rf6 38. Nd3 Qh6 39. Nf4 Ng7 40. Be2 Rff7 41.
R1b2 Ne4 42. Qb1 Ne8 43. Bh5 Rg7 44. Bxe8 Rxe8 45. Rxb7 Rxb7 46. Rxb7 1-0

[Event "Campeonato Nacional da 1ª divisão"]
[Site "Torres Vedras"]
[Date "2011.07.24"]
[Round "2.4"]
[White "Retortillo, Enrique Gallardo"]
[Black "Hennig, Dirk"]
[Result "0-1"]
[WhiteElo "2149"]
[BlackElo "2396"]
[PlyCount "76"]
[EventDate "2011.07.23"]

1. d4 g6 2. c4 Bg7 3. e4 c5 4. d5 e5 5. Nc3 d6 6. Bd3 Nh6 7. Nge2 O-O 8. f3 f5
9. Be3 Nf7 10. exf5 gxf5 11. Qc2 Qh4+ 12. Bf2 Qg5 13. Ng3 e4 14. fxe4 f4 15. h4
Qg4 16. Nf5 Bxf5 17. exf5 Ne5 18. Qe2 Nxd3+ 19. Qxd3 Nd7 20. O-O Ne5 21. Qe4
Rxf5 22. Nb5 Rd8 23. Nc7 Kh8 24. Ne6 Rg8 25. Be1 Bf6 26. Bc3 f3 27. Qxg4 Rxg4
28. Rf2 Bxh4 29. Rd2 Kg8 30. Bxe5 Rxe5 31. Kh2 f2 32. Kh3 h5 33. Rf1 Re3+ 34.
g3 Rexg3+ 35. Kh2 Rg2+ 36. Kh3 Bf6 37. Rd3 Be5 38. Rh1 Rh2+ 0-1

[Event "Campeonato Nacional da 1ª divisão"]
[Site "Torres Vedras"]
[Date "2011.07.24"]
[Round "2.5"]
[White "Garcia - Ortega Mendez, Jose Manuel"]
[Black "Silva, Fernando Mário Pires"]
[Result "0-1"]
[WhiteElo "2358"]
[BlackElo "2364"]
[PlyCount "72"]
[EventDate "2011.07.23"]

1. e4 c5 2. Nf3 d6 3. c3 Nf6 4. Bd3 Nc6 5. Bc2 e5 6. h3 Be7 7. O-O d5 8. d3 O-O
9. Nbd2 Qc7 10. Re1 d4 11. Nf1 Be6 12. Ng5 Bd7 13. Ng3 h6 14. Nf3 Rad8 15. Qe2
Rfe8 16. Nh4 Bf8 17. Qf3 Nh7 18. Nhf5 Ne7 19. Bb3 Nxf5 20. exf5 Bc6 21. Ne4 b5
22. Qg3 c4 23. Bc2 Bxe4 24. Rxe4 cxd3 25. Bxd3 dxc3 26. Re2 b4 27. Bc2 Qc4 28.
Qg4 Rd4 29. Re4 Nf6 30. Rxd4 exd4 31. Qd1 Qe2 32. Bf4 Nd5 33. Bg3 cxb2 34. Rb1
Nc3 35. Qxe2 Rxe2 36. Rxb2 d3 0-1

[Event "Campeonato Nacional da 1ª divisão"]
[Site "Torres Vedras"]
[Date "2011.07.24"]
[Round "2.5"]
[White "Vasconcellos, Renato Fialho de Men"]
[Black "Figuero Toro, Julian Francisco"]
[Result "1/2-1/2"]
[WhiteElo "2069"]
[BlackElo "2226"]
[PlyCount "84"]
[EventDate "2011.07.23"]

1. c4 e5 2. g3 Nc6 3. Bg2 Nf6 4. Nc3 Bb4 5. Nd5 O-O 6. Nxb4 Nxb4 7. Nf3 e4 8.
Nd4 d5 9. Nc2 Nxc2+ 10. Qxc2 dxc4 11. Qxc4 Be6 12. Qc2 Qd7 13. b3 Bf5 14. O-O
Rad8 15. e3 Rfe8 16. Ba3 Re6 17. Rac1 Ra6 18. Bb4 Rc6 19. Bc3 Bh3 20. f3 Bxg2
21. Kxg2 exf3+ 22. Rxf3 Qd5 23. Rcf1 Ne4 24. Rf5 Qe6 25. Rxf7 Nxc3 26. dxc3
Qxe3 27. c4 Qd2+ 28. Qxd2 Rxd2+ 29. R1f2 Rxf2+ 30. Rxf2 Rd6 31. Kf1 Re6 32. h4
Re3 33. Kg2 h5 34. Rd2 Re7 35. Kf3 Kf7 36. Rd4 g6 37. Kf4 Kf6 38. a4 Re6 39. a5
a6 40. Rd7 Rc6 41. Rd5 Re6 42. Rd7 Rc6 1/2-1/2

[Event "Campeonato Nacional da 1ª divisão"]
[Site "Torres Vedras"]
[Date "2011.07.24"]
[Round "2.6"]
[White "Castro, Francisco Manuel Fer"]
[Black "Rocha, Sérgio Manuel Colaço"]
[Result "0-1"]
[WhiteElo "2105"]
[BlackElo "2412"]
[PlyCount "140"]
[EventDate "2011.07.23"]

1. e4 Nc6 2. Nf3 d6 3. d4 Nf6 4. Nc3 Bg4 5. Be2 e6 6. O-O Be7 7. h3 Bh5 8. Be3
d5 9. e5 Nd7 10. Nh2 Bg6 11. a3 Nb6 12. b3 Qd7 13. f4 f6 14. Nf3 O-O-O 15. Bd3
Bh5 16. Ne2 h6 17. f5 Bxf3 18. fxe6 Qe8 19. Rxf3 fxe5 20. Rf1 e4 21. Bb5 a6 22.
Bxc6 Qxc6 23. Nf4 Qc3 24. Qe1 Qxe1 25. Rfxe1 Rhe8 26. a4 Bb4 27. Rf1 g5 28. Nh5
Rxe6 29. Rf5 Kb8 30. Raf1 Nc8 31. h4 gxh4 32. Nf4 Red6 33. Re5 Na7 34. Ne2 Rc6
35. c4 dxc4 36. d5 Rg6 37. bxc4 h3 38. Nf4 Rg3 39. Bf2 Rg4 40. g3 Rdg8 41. Kh2
h5 42. Rxe4 h4 43. gxh4 Bd6 44. Kxh3 Nc8 45. Bd4 Ne7 46. Bf6 Rg3+ 47. Kh2 Nf5
48. Bg5 Ra3 49. Rc1 Ng3 50. Re6 Rxg5 51. Rxd6 Rg4 52. Rd8+ Ka7 53. Ng2 Nf5 54.
Rh8 Ra2 55. Rg1 Nxh4 56. Kh3 Rgxg2 57. Rxg2 Nxg2 58. Rh7 Kb6 59. a5+ Rxa5 60.
Kxg2 Rc5 61. Rh4 Ka5 62. Kf3 Kb4 63. d6 cxd6 64. Rh7 b6 65. Ra7 Ka5 66. Rd7
Rxc4 67. Rxd6 Kb5 68. Ke3 a5 69. Kd3 Rc6 70. Rd8 a4 0-1

[Event "Campeonato Nacional da 1ª divisão"]
[Site "Torres Vedras"]
[Date "2011.07.24"]
[Round "2.6"]
[White "Dâmaso, Rui"]
[Black "Pires, Gustavo Martins Pere"]
[Result "1-0"]
[WhiteElo "2371"]
[BlackElo "2050"]
[PlyCount "35"]
[EventDate "2011.07.23"]

1. c4 Nf6 2. g3 e6 3. Bg2 d5 4. Nf3 Be7 5. O-O O-O 6. d4 b6 7. cxd5 exd5 8. Nc3
Be6 9. Bf4 a6 10. Qc2 c5 11. Rad1 Qc8 12. dxc5 bxc5 13. Ng5 Rd8 14. Rxd5 Ra7
15. Rxd8+ Bxd8 16. Nxe6 fxe6 17. Ne4 Be7 18. Qb3 1-0

[Event "Campeonato Nacional da 1ª divisão"]
[Site "Torres Vedras"]
[Date "2011.07.24"]
[Round "2.6"]
[White "Andias, João Pedro Menezes"]
[Black "Ulyanovskyy, Viktor"]
[Result "1-0"]
[WhiteElo "1891"]
[BlackElo "2307"]
[PlyCount "104"]
[EventDate "2011.07.23"]

1. e4 d5 2. exd5 Nf6 3. Bb5+ Bd7 4. Bxd7+ Qxd7 5. Nf3 Nxd5 6. O-O e6 7. d4 Bd6
8. c4 Nf6 9. Nc3 c6 10. Qe2 O-O 11. Bg5 Be7 12. Rad1 h6 13. Bh4 Re8 14. Rfe1
Na6 15. Ne5 Qc7 16. Rd3 Nd7 17. Bxe7 Rxe7 18. Ng4 Nf8 19. Rg3 Kh7 20. Ne3 Rd8
21. Nf5 Ng6 22. Nxe7 Qxe7 23. d5 e5 24. dxc6 bxc6 25. Qe4 Qe6 26. Rf3 Kg8 27.
h3 Nc5 28. Qe2 Rd4 29. b3 f5 30. Rd1 Nf4 31. Qf1 g5 32. Re3 Qd6 33. g3 Nxh3+
34. Qxh3 Rxd1+ 35. Nxd1 Qxd1+ 36. Kg2 g4 37. Qxh6 Ne4 38. Qe6+ Kg7 39. Qxe5+
Kg6 40. Qe6+ Kg5 41. Qe5 Kg6 42. Qf4 Ng5 43. Re5 Qd7 44. Qe3 Qh7 45. Kf1 Qh1+
46. Ke2 Qb1 47. Qd2 Qh1 48. Qd6+ Kh5 49. Qd3 Qc1 50. Qxf5 Kh6 51. Qxg5+ Qxg5
52. Rxg5 Kxg5 1-0

[Event "Campeonato Nacional da 1ª divisão"]
[Site "Torres Vedras"]
[Date "2011.07.24"]
[Round "2.6"]
[White "Ulyanovskyy, Volodimir  Viktorovi"]
[Black "Aguiar, Henrique Rui Neves"]
[Result "0-1"]
[WhiteElo "2090"]
[BlackElo "1938"]
[PlyCount "103"]
[EventDate "2011.07.23"]

1. e4 c5 2. Nf3 Nc6 3. c4 g6 4. d4 cxd4 5. Nxd4 Nf6 6. Nc3 d6 7. Be2 Nxd4 8.
Qxd4 Bg7 9. Be3 O-O 10. Qd2 Be6 11. O-O Qa5 12. Rab1 Rfc8 13. b3 a6 14. Rfc1 b5
15. b4 Qd8 16. cxb5 axb5 17. Bxb5 Rxc3 18. Qxc3 Nd5 19. exd5 Bxc3 20. dxe6 Be5
21. a4 d5 22. Bc6 Rc8 23. exf7+ Kxf7 24. Bxd5+ e6 25. Rxc8 Qxc8 26. Be4 Qc4 27.
f3 Qa2 28. a5 Bd6 29. Bc5 Bxc5+ 30. bxc5 Qxa5 31. c6 Kf6 32. g3 h5 33. Rf1 Qc5+
34. Kg2 Qa5 35. Rf2 g5 36. Rc2 Qc7 37. Rc1 Qa5 38. Rc2 Qc7 39. Kf2 g4 40. Kg2
Kg5 41. Rc5+ Kh6 42. h4 Qd6 43. Rc2 Qc7 44. Rb2 gxf3+ 45. Kxf3 e5 46. Kg2 Qg7
47. c7 Qxc7 48. Rb7 Qf7 49. Rb6+ Kg7 50. Rb7 Kh6 51. g4 Qa2+ 52. Kg1 0-1

[Event "Campeonato Nacional da 1ª divisão"]
[Site "Torres Vedras"]
[Date "2011.07.24"]
[Round "2.7"]
[White "Rego, Pedro"]
[Black "Viela, André "]
[Result "1-0"]
[WhiteElo "2112"]
[BlackElo "2241"]
[PlyCount "69"]
[EventDate "2011.07.23"]

1. Nf3 Nf6 2. c4 c5 3. g3 d5 4. cxd5 Nxd5 5. Bg2 Nc6 6. Nc3 Nc7 7. d3 e5 8. O-O
Be7 9. Nd2 Bd7 10. Nc4 f6 11. f4 b5 12. Ne3 Rb8 13. Ned5 Nxd5 14. Bxd5 Nb4 15.
Bg2 O-O 16. Qb3+ Kh8 17. fxe5 fxe5 18. Rxf8+ Bxf8 19. a3 Nc6 20. Qd5 Be8 21.
Be3 Qxd5 22. Bxd5 Nd4 23. Rf1 Be7 24. Bg5 Bf6 25. Rxf6 Bc6 26. Rxc6 Nxc6 27.
Bxc6 b4 28. Ne4 Rc8 29. Bd5 a5 30. Nd6 Rc7 31. Bd8 Ra7 32. Bb6 Ra6 33. Nc4 bxa3
34. bxa3 a4 35. Bb7 1-0

[Event "Campeonato Nacional da 1ª divisão"]
[Site "Torres Vedras"]
[Date "2011.07.24"]
[Round "2.7"]
[White "Oliveira, Carlos "]
[Black "Afonso, Sara "]
[Result "1-0"]
[WhiteElo "2189"]
[BlackElo "1743"]
[PlyCount "25"]
[EventDate "2011.07.23"]

1. e4 e5 2. Nf3 Nc6 3. Bc4 Bc5 4. b4 Bxb4 5. c3 Ba5 6. d4 d5 7. exd5 Nce7 8.
dxe5 Bb6 9. O-O Bg4 10. Qa4+ Qd7 11. Bb5 c6 12. e6 Qxd5 13. Qxg4 1-0

[Event "Campeonato Nacional da 1ª divisão"]
[Site "Torres Vedras"]
[Date "2011.07.24"]
[Round "2.8"]
[White "Silva, António Augusto Maga"]
[Black "Johannessen, Leif Erlend"]
[Result "0-1"]
[WhiteElo "2222"]
[BlackElo "2496"]
[PlyCount "23"]
[EventDate "2011.07.23"]

1. c4 e5 2. g3 Nc6 3. Bg2 f5 4. Nc3 Nf6 5. d3 Bb4 6. Bd2 O-O 7. Nf3 d6 8. Nd5
Bxd2+ 9. Nxd2 Nd4 10. e3 Ne6 11. O-O c6 12. b4 0-1